000 00686nam a2200193 a 4500
001 000041067
005 20201002034607.0
008 130917s1989 sp 000 0 spa d
020 _a8400070062
040 _aDO-SdBNP
_bspa
_cBNPHU
100 1 _aBasáñez Villaluenga, Blanca
_967565
245 1 3 _aLa aljama sarracena de huesca en el siglo XIV /
_cBlanca Basáñez Villaluenga.
260 _aBarcelona :
_bConsejo Superior de Investigaciones Científicas,
_c1989.
300 _a275 p. ;
_c25 cm.
500 _aIncluye índice onomástico y toponímico
500 _aIncluye notas al pie de las páginas
500 _aAnuario de estudios medievales
590 _aInventariado, 2019/VM
999 _c40557
_d40557